Match the Flavors Quiz Stats

 Plays Quiz Updated Oct 25, 2013

Support Sporcle.
Go Orange.
Score 0/30 Timer 10:00
2 Plays Today
% Correct
Doritos
93.3%
Ben & Jerry's
79.9%
Lay's Chips
76%
Honey Bunches of Oats
72.9%
Fancy Feast
72.5%
Nature Valley Bars
70%
Glade Air Freshener
67.3%
Poptarts
65.2%
Gatorade
64.9%
Krispy Kreme
62.8%
SunChips
62.1%
Celestial Seasonings Tea
61.1%
Haribo
60.4%
Classico Sauces
60.2%
Eggo Waffles
58.2%
% Correct
Life Savers
57.8%
IHOP Pancakes
56.7%
Dentyne Ice
56.4%
Cheerios
56.1%
Skittles
55.1%
Triscuits
52.2%
Halls
51.3%
Dairy Queen Blizzards
50.6%
Goldfish Crackers
50.1%
Listerine
49.9%
Jelly Belly
47.4%
Absolut Vodka
45.7%
Hidden Valley Ranch Dressing
42.9%
Ritter Sport Chocolate
41.2%
Snyders of Hanover Pretzel Pieces
30.2%

You're not logged in!

Compare scores with friends on all Sporcle quizzes.
OR
Log In

From the Vault

Flowers

by Hejman

Finally a quiz that makes scents!
Remove Ads.
Support Sporcle.
Get the best of Sporcle when you Go Orange. This ad-free experience offers more features, more stats, and more fun while also helping to support Sporcle. Thank you for becoming a member.

Show Comments

Extras

Top Quizzes Today


Score Distribution

Your Account Isn't Verified!

In order to create a playlist on Sporcle, you need to verify the email address you used during registration. Go to your Sporcle Settings to finish the process.

Report this User

Report this user for behavior that violates our Community Guidelines.

Details: